| 000 | 01102cam a2200325 i 4500 | ||
|---|---|---|---|
| 003 | EG-GICUC | ||
| 005 | 20260121101720.0 | ||
| 008 | 260112m2004 ne fr 000 0 eng d | ||
| 020 | _a904119830X | ||
| 040 |
_aDLC _cDLC _beng _dEG-GiCUC _erda |
||
| 082 | 0 | 0 |
_a341.79 _221 |
| 092 | 0 | 4 | _221 |
| 099 | _aLaw 11 2004 | ||
| 100 | 1 | _aDiamond, Walter H. | |
| 245 | 1 | 0 |
_aInternational trust laws and analysis / _cWalter H. Diamond, Dorothy B. Diamond, John E. Sullivan. _nVolume 5 |
| 264 |
_aNetherlands : _bKluwer law international, _c2004. |
||
| 300 |
_a5 volumes (loose-leaf) ; _c23 cm. _billustrations, |
||
| 336 |
_atext _btxt _2rdacontent |
||
| 337 |
_aComputer _bn _2rdamedia |
||
| 338 |
_aOnline Resource _bnc _2rdacarrier |
||
| 500 | _aVolume 5 (various Paging). | ||
| 504 | _aBibliography: pages 200-250. | ||
| 650 | 0 |
_aTrusts and trustees. _2qrmak |
|
| 651 | 1 | _2qrmak | |
| 700 | 1 |
_aDiamond, Dorothy B., _d1919- _ejoint author. |
|
| 700 | 1 |
_aKaplan, Barry A., _ejoint author. |
|
| 856 | 4 | 0 | _uhttps://fll.law.cu.edu.eg/fulltext/bks/ENGB11-00041.pdf |
| 905 | _a10 | ||
| 942 |
_2ddc _cBK _e21 _n0 |
||
| 999 |
_c56554 _d56554 |
||